| 000 | 00392nam a22001697a 4500 | ||
|---|---|---|---|
| 005 | 20160511105341.0 | ||
| 008 | 160511b xxu||||| |||| 00| 0 eng d | ||
| 020 | _a81-219-2300 | ||
| 041 | _aeng | ||
| 082 | _b1234 | ||
| 100 |
_aKhanla S.S. _9423 |
||
| 245 | _aHuman resource management | ||
| 260 |
_bS. Chand Company Ltd. _c2010 |
||
| 300 | _a449 | ||
| 650 |
_aManagement _9241 |
||
| 942 | _cBK | ||
| 999 |
_c508 _d508 |
||